Electrical Engineering (Gate 2016 ) (Record no. 5323)

MARC details
000 -LEADER
fixed length control field 00260nam a22001097a 4500
005 - DATE AND TIME OF LATEST TRANSACTION
control field 20161222173502.0
008 - FIXED-LENGTH DATA ELEMENTS--GENERAL INFORMATION
fixed length control field 161222b xxu||||| |||| 00| 0 eng d
041 ## - LANGUAGE CODE
Language code of text/sound track or separate title eng
245 ## - TITLE STATEMENT
Title Electrical Engineering (Gate 2016 )
260 ## - PUBLICATION, DISTRIBUTION, ETC. (IMPRINT)
Name of publisher Engineers Academy
942 ## - ADDED ENTRY ELEMENTS (KOHA)
Koha item type Books
Holdings
Lost status Damaged status Home library Current library Shelving location Date acquired Source of acquisition Cost, normal purchase price Full call number Accession Number Koha item type
    JRU Library   SHELF-6-C 22/12/2016 Donated 0.00 621.3 21465 Books